000 00619nam a22002297a 4500
999 _c8478
_d8478
001 8478
003 BD-JhCC
005 20180225112312.0
008 180225b1993 bg ||||| |||| 00| 0 ben d
035 _a(BD-JhCC)8478
040 _aBD-JhCC
_dBD-JhCC
041 _aben
082 _a796.355
_bALI 1993
100 _aআলী, মোঃ কাওসার
245 _aহকি খেলার প্রথম পাঠ /
_c মোঃ কাওসার আলী
260 _aঢাকাঃ
_c1993.
300 _a120 p. :
_c25 cm.
650 _aHockey
650 _aGame
942 _2ddc
_cBK